It's part L time (Record no. 82582)

MARC details
000 -LEADER
fixed length control field 00803cam a22002055a 4500
001 - CONTROL NUMBER
control field L150632
008 - FIXED-LENGTH DATA ELEMENTS--GENERAL INFORMATION
fixed length control field 100805s2010 xxk f s 000 0 eng d
035 ## - SYSTEM CONTROL NUMBER
System control number (Sirsi) u150632
041 0# - LANGUAGE CODE
Language code of text/sound track or separate title eng
100 1# - MAIN ENTRY--PERSONAL NAME
Personal name Mayes, Suzie
245 00 - TITLE STATEMENT
Title It's part L time
260 ## - PUBLICATION, DISTRIBUTION, ETC.
Date of publication, distribution, etc. 2010
490 ## - SERIES STATEMENT
Series statement Housebuilder
Volume/sequential designation 69(5) June 2010, 19-20(2)
520 ## - SUMMARY, ETC.
Summary, etc. Following the launch of the new Approved Document Part L 2010, this article discusses the implications of the new requirements for housebuilders. The three main changes relate to the "Flat Rate" approach to a 25% energy reduction requirement; party walls; and thermal bridging.
590 ## - LOCAL NOTE (RLIN)
Local note KA
650 24 - SUBJECT ADDED ENTRY--TOPICAL TERM
Topical term or geographic name entry element BUILDING REGULATIONS 2000 APPROVED DOCUMENT L (2010 EDITION)
651 #4 - SUBJECT ADDED ENTRY--GEOGRAPHIC NAME
Geographic name United Kingdom
Chronological subdivision
690 ## - LOCAL SUBJECT ADDED ENTRY--TOPICAL TERM (OCLC, RLIN)
Topical term or geographic name as entry element Building regulations
9 (RLIN) 6224
942 ## - ADDED ENTRY ELEMENTS (KOHA)
Suppress in OPAC 0
Holdings
Withdrawn status Lost status Source of classification or shelving scheme Damaged status Not for loan Home library Current library Shelving location Date acquired Total Checkouts Full call number Barcode Date last seen Copy number Price effective from Koha item type
    Dewey Decimal Classification     London London Journal article 05/08/2010   L150632 150632-2001 06/08/2019 1 06/08/2019 Journal article